000 nam a22 7a 4500
999 _c47371
_d47371
003 OSt
005 20190510110405.0
008 190510b xxu||||| |||| 00| 0 eng d
040 _cIIMT COLLEGE OF ENGINEERING,GREATER NOIDA
100 _aTIWARI & TIWARI
245 _aOPERATION RESEARCH
260 _aNEW DELHI
_bPHI
_c2012
942 _2ddc
_c02